[Event "Stare Mesto op-B"]
[Site "Stare Mesto"]
[Date "2023.08.13"]
[Round "9"]
[White "Neoral, Radovan"]
[Black "Skladal, Tomas"]
[Result "0-1"]
[WhiteElo "1000"]
[BlackElo "1104"]
[PlyCount "80"]
[EventDate "2023.08.05"]
[EventType "swiss"]
[EventRounds "9"]
[EventCountry "CZE"]
[SourceTitle "EXT 2024"]
[Source "ChessBase"]
[SourceDate "2023.10.10"]
[SourceVersion "1"]
[SourceVersionDate "2023.10.10"]
[SourceQuality "1"]

1. d4 d5 2. c4 dxc4 3. e4 c5 4. Nf3 Bg4 5. Bxc4 cxd4 6. Qxd4 Qxd4 7. Nxd4 e5 8. Ne2 Nf6 9. Nbc3 Bb4 10. 0-0 Bxc3 11. Nxc3 0-0 12. Bg5 Nbd7 13. Bxf6 Nxf6 14. Rac1 Rfd8 15. h3 Bh5 16. Bd5 Bg6 17. Bxb7 Rab8 18. Bd5 Rxb2 19. Rfd1 Nxd5 20. exd5 Rc8 21. Ne2 Rcc2 22. Rxc2 Bxc2 23. Ra1 Kf8 24. Nc3 Ke7 25. Kh1 Kd6 26. Kg1 f5 27. Kh1 Be4 28. Nxe4+ fxe4 29. Kg1 Kxd5 30. Kf1 g5 31. Kg1 h5 32. f4 exf3 33. g4 hxg4 34. h4 gxh4 35. Kh1 Kd4 36. Kg1 Kd3 37. Kh1 Kd2 38. Kg1 e4 39. Kh1 e3 40. Kg1 e2 0-1

[Event "Stare Mesto op-B"]
[Site "Stare Mesto"]
[Date "2023.08.07"]
[Round "3"]
[White "Neoral, Radovan"]
[Black "Moravec, David"]
[Result "0-1"]
[WhiteElo "1000"]
[BlackElo "1000"]
[PlyCount "78"]
[EventDate "2023.08.05"]
[EventType "swiss"]
[EventRounds "9"]
[EventCountry "CZE"]
[SourceTitle "EXT 2024"]
[Source "ChessBase"]
[SourceDate "2023.10.10"]
[SourceVersion "1"]
[SourceVersionDate "2023.10.10"]
[SourceQuality "1"]

1. d4 d5 2. c4 e6 3. cxd5 exd5 4. Nc3 Bb4 5. Bd2 Bxc3 6. Bxc3 Nf6 7. e3 Bf5 8. Bd3 Be4 9. Nf3 Nc6 10. Bb5 a6 11. Bxc6+ bxc6 12. 0-0 0-0 13. Qa4 Bxf3 14. gxf3 Qd7 15. Kh1 Rfe8 16. Rac1 c5 17. Qxd7 Nxd7 18. dxc5 Nxc5 19. Bb4 Nd3 20. Rxc7 Nxb4 21. a3 Nd3 22. b4 a5 23. b5 Rab8 24. a4 h6 25. Rc3 Nb4 26. Rfc1 Na2 27. R3c2 Nxc1 28. Rxc1 Rbc8 29. Rd1 Red8 30. b6 Rb8 31. Rb1 Rd6 32. b7 Rd7 33. h4 Rdxb7 34. Rxb7 Rxb7 35. Kg2 Rb4 36. Kg3 Kh7 37. f4 Kg6 38. Kg4 Rxa4 39. h5+ Kf6 0-1